|
|
|
|
| LEADER |
00000nam0a2200000 4500 |
| 001 |
253542 |
| 005 |
20231101232843.0 |
| 010 |
|
|
|a 5020014028
|
| 035 |
|
|
|a (RuTPU)RU\TPU\book\275936
|
| 090 |
|
|
|a 253542
|
| 100 |
|
|
|a 20140314d1988 k y0rusy50 ca
|
| 101 |
0 |
|
|a rus
|
| 102 |
|
|
|a RU
|
| 105 |
|
|
|a a z 001zy
|
| 200 |
1 |
|
|a Дефектность структуры и физико-химические свойства феррошпинелей
|f М. Т. Варшавский [и др.]
|g Академия наук СССР (АН СССР), Уральское отделение (УрО), Институт металлургии ; отв. ред. А. А. Щепеткин
|
| 210 |
|
|
|a Москва
|c Наука
|d 1988
|
| 215 |
|
|
|a 244 с.
|c ил.
|
| 320 |
|
|
|a Библиография в конце глав.
|
| 606 |
1 |
|
|a Ферриты
|x Физика
|2 stltpush
|3 (RuTPU)RU\TPU\subj\63592
|9 80580
|
| 610 |
1 |
|
|a экспериментальные исследования
|
| 610 |
1 |
|
|a дефектные структуры
|
| 610 |
1 |
|
|a электрические свойства
|
| 610 |
1 |
|
|a шпинели
|
| 610 |
1 |
|
|a феррошпинели
|
| 610 |
1 |
|
|a оксиды
|
| 610 |
1 |
|
|a дефектность
|
| 675 |
|
|
|a 537.622.4
|v 3
|
| 701 |
|
1 |
|a Варшавский
|b М. Т.
|g Михаил Тевавич
|
| 701 |
|
1 |
|a Пащенко
|b В. П.
|g Валентин Павлович
|
| 701 |
|
1 |
|a Мень
|b А. Н.
|g Арон Наумович
|
| 701 |
|
1 |
|a Сунцов
|b Н. В.
|g Николай Владимирович
|
| 701 |
|
1 |
|a Милославский
|b А. Г.
|g Александр Григорьевич
|
| 702 |
|
1 |
|a Щепеткин
|b А. А.
|4 340
|
| 712 |
0 |
2 |
|a Академия наук СССР (АН СССР)
|b Уральское отделение (УрО)
|b Институт металлургии
|c (Свердловск)
|2 stltpush
|3 (RuTPU)RU\TPU\col\11874
|
| 801 |
|
1 |
|a RU
|b 63413507
|c 20140314
|
| 801 |
|
2 |
|a RU
|b 63413507
|c 20140524
|g RCR
|
| 942 |
|
|
|c BK
|